000 00269nam a2200109Ia 4500
008 190216s9999||||xx |||||||||||||| ||und||
100 _aSharygin I F
245 0 _aMathmatics-Problems In Solid Geometry
260 _bMir Publishers
650 _aMathematics
942 _cBK
999 _c31041
_d31041